| 000 | 00350 a2200157 4500 | ||
|---|---|---|---|
| 001 | 154058 | ||
| 040 | _cEscola São Tomás de Aquino | ||
| 100 | _aFILHO, Adonias | ||
| 240 | 1 | 0 |
_aCorpo Vivo _lpor |
| 245 | 1 | 0 | _aCorpo Vivo |
| 300 | _a134 | ||
| 362 | 0 | _a1980 | |
| 440 | 1 | _aCivilização Brasileira | |
| 697 | _aLITERATURA BRASILEIRA | ||
| 942 | _cBK | ||
| 999 |
_c154058 _d154058 |
||